LEADER 00991nam a2200217 i 4500 001 000000250776 003 CaOOAMICUS 005 20160819000000.0 008 160819s1692 fr u000 u fre u 013 $a229681 026 $ai.UR s:s, e;e, CeSG (3) 1692 (R) 040 $aSeMil$bita 245 10$aTome 2. 300 $a6, [2], 351, [1] p., [4] carte di tav. :$bill. 500 $aSegn. : A-2G8/4. - Lascito Card. C.M. Martini. 773 0 $aMolière, <1622-1673>$tOeuvres de Monsieur de Molière, revués et corrigées et augmentées du Medecin vangé, & des Epitaphes les plus curieux sur sa mort. Enrichies de figures en taille-douce à chaque piece. Tome 1. [-8.].$dA Lyon : Chez Jacques Lyons, Libraire, ruë Mercière, au Bon Pasteur, 1692-1696.$g2$w()4112 850 $aSeMil 852 $aSeMil$W1$xVenegono$y1$m1W I 22 FA$j201122$B201122$CSeMilBibl$Z2$F212877 $8I 941 1 $a4 961 $aLascito: Martini Card. Carlo Maria 996 $6245$aTome 2$9(OLS)http://semarc/title/1533 LEADER 01126nam a2200229 4500 001 000000352090 003 CaOOAMICUS 005 20221121103702.0 008 221103s2012 it 000 u ita r 040 $aSeMil$bita 100 1 $aHeritier, Paolo.$0(OLS)http://semarc/name/13215 245 10$aEstetica giuridica /$cPaolo Heritier. 264 1$aTorino :$bGiappichelli,$c2012. 300 $a2 v. ;$c21 cm 490 1 $aTôb : antropologia ed estetica giuridica ;$v4 650 4$aFilosofia del diritto.$0(OLS)http://semarc/subject/2001 774 0 $aHeritier, Paolo$t1: Primi elementi, dalla globalizzazione alla secolarizzazione.$dTorino : Giappichelli, 2012.$z978-88-348-3625-5$w()352091 774 0 $aHeritier, Paolo$t2: A partire da Legendre, il fondamento finzionale del diritto positivo.$dTorino : Giappichelli, 2012.$z978-88-348-3743-6$w()352093 830 0$aTôb : antropologia ed estetica giuridica ;$v4.$0(OLS)http://semarc/title/39300 996 $6245$aEstetica giuridica$9(OLS)http://semarc/title/441878 996 $6264$aTorino :$bGiappichelli$9(OLS)http://semarc/publisher/31793